Маркетинг в отраслях и сферах деятельности: учебник для вузов

Podrobná bibliografie
Další autoři: Алексунин В. А. (редактор)
Shrnutí:Учебник подготовлен в соответствии с Государственным образовательным стандартом. Рассматриваются теория и практика маркетинговой деятельности в промышленности, торговле, туризме, банковском деле, гостиничном хозяйстве, рекламе и других сферах современной российской экономики. Для студентов, обучающихся по экономическим специальностям, преподавателей, а также для практических работников.
Jazyk:ruština
Vydáno: Москва, Дашков и К, 2009
Vydání:6-е изд.
Témata:
Médium: Kniha
KOHA link:https://koha.lib.tpu.ru/cgi-bin/koha/opac-detail.pl?biblionumber=148130

MARC

LEADER 00000nam0a2200000 4500
001 148130
005 20231101221337.0
010 |a 9785911318437 
035 |a (RuTPU)RU\TPU\book\160564 
035 |a RU\TPU\book\119865 
090 |a 148130 
100 |a 20070306d2009 m y0rusy50 ca 
101 0 |a rus 
102 |a RU 
105 |a a j 001zy 
200 1 |a Маркетинг в отраслях и сферах деятельности  |e учебник для вузов  |f под ред. В. А. Алексунина 
205 |a 6-е изд. 
210 |a Москва  |c Дашков и К  |d 2009 
215 |a 716 с.  |c ил. 
320 |a Библиогр.: с. 708-714. 
330 |a Учебник подготовлен в соответствии с Государственным образовательным стандартом. Рассматриваются теория и практика маркетинговой деятельности в промышленности, торговле, туризме, банковском деле, гостиничном хозяйстве, рекламе и других сферах современной российской экономики. Для студентов, обучающихся по экономическим специальностям, преподавателей, а также для практических работников. 
451 1 |0 (RuTPU)RU\TPU\book\119865  |y 5-91131-357-X  |t Маркетинг в отраслях и сферах деятельности  |o учебник для вузов  |f под ред. В. А. Алексунина  |e 5-е изд., перераб. и доп.  |c М.  |n Дашков и К  |d 2007  |p 716 с. 
606 1 |a Маркетинг  |2 stltpush  |3 (RuTPU)RU\TPU\subj\41036  |9 60857 
610 1 |a экономика 
610 1 |a промышленность 
610 1 |a снабжение 
610 1 |a новые товары 
610 1 |a сбыт 
610 1 |a управление качеством 
610 1 |a маркетинг 
610 1 |a экономические риски 
610 1 |a агробизнес 
610 1 |a средства производства 
610 1 |a торговля 
610 1 |a услуги 
610 1 |a реклама 
610 1 |a паблик рилейшнз 
610 1 |a брендинг 
610 1 |a образовательные услуги 
610 1 |a кадры 
610 1 |a кадровые службы 
610 1 |a банковский маркетинг 
610 1 |a страховой маркетинг 
610 1 |a гостиничное дело 
610 1 |a туристический маркетинг 
610 1 |a народные промыслы 
610 1 |a внешнеэкономическая деятельность 
610 1 |a медицинский маркетинг 
610 1 |a санаторно-курортные организации 
610 1 |a Интернет в маркетинге 
610 1 |a учебники 
686 |a У9(2)212.4я73  |v LBC/SL-A  |2 rubbk 
702 1 |a Алексунин  |b В. А.  |4 340 
801 1 |a RU  |b 63413507  |c 20081126  |g PSBO 
801 2 |a RU  |b 63413507  |c 20121002  |g PSBO 
900 |a Маркетинг в отраслях и сферах деятельности 
900 |a Маркетинг в промышленности органического синтеза 
942 |c BK 
952 |a 521600  |b 080100 
955 |a 521600 
959 |a 112/20081124  |d 1  |e 264,00  |f ЧЗГЛ:1